Normal view
MARC view
- المعجم-المصرف-الاصوات-نحو-الاسلوب-نظريات في اللغة
Entry Topical Term
001 - CONTROL NUMBER
- control field: 16945
003 - CONTROL NUMBER IDENTIFIER
- control field: JO-AjAnu
005 - DATE AND TIME OF LATEST TRANSACTION
- control field: 20230606073013.0
008 - FIXED-LENGTH DATA ELEMENTS
- fixed length control field: 230606|| aca||aabn | a|a d
040 ## - CATALOGING SOURCE
- Original cataloging agency: JO-AjAnu
- Transcribing agency: JO-AjAnu
150 ## - HEADING--TOPICAL TERM
- Topical term or geographic name entry element: المعجم-المصرف-الاصوات-نحو-الاسلوب-نظريات في اللغة
670 ## - SOURCE DATA FOUND
- Source citation: Work cat.: (JO-AjAnu)8700: تاليف فريحة،أنيس؛م.مشارك ريمون طحان, author 16944, نظريات في اللغة